| 000 | 00609cam a2200205 a 4500 | ||
|---|---|---|---|
| 001 | 13000338 | ||
| 005 | 20251129144625.0 | ||
| 008 | 021113s2004 njua 001 0 eng | ||
| 020 | _a0130933759 | ||
| 020 | _a9780130933751 | ||
| 050 | 0 | 0 |
_aTA350 _b.W19 2004 |
| 082 | 0 | 0 |
_a620.1 _221 |
| 100 | 1 |
_aWalker, Keith M., _d1940- |
|
| 245 | 1 | 0 |
_aApplied mechanics for engineering technology / _cKeith M. Walker. |
| 250 | _a7th ed. | ||
| 260 |
_aUpper Saddle River, N.J. : _bPearson/Prentice Hall, _cc2004. |
||
| 300 |
_axiii, 538 p. : _bill. ; _c25 cm. |
||
| 500 | _aIncludes index. | ||
| 942 |
_2lcc _cBK _e7th ed. _n0 |
||
| 999 |
_c8444 _d8444 |
||